| 000 | 01472cam a2200337K 4500 | ||
|---|---|---|---|
| 001 | 17847 | ||
| 003 | BD-RjUL | ||
| 005 | 20211209000212.0 | ||
| 008 | 140219s1968 enk a 001 0 eng d | ||
| 035 | _a(OCoLC)ocn636008989 | ||
| 035 | _a(BD-RjUL)17905 | ||
| 040 |
_aOCLCE _beng _cOCLCE _dBD-RjUL |
||
| 041 | 1 |
_aeng _hita |
|
| 082 | 4 |
_a821 _bROP 1968 |
|
| 100 | 1 |
_aRossetti, Dante Gabriel, _d1828-1882. _955066 |
|
| 245 | 1 | 0 |
_aPoems & translations, 1850-1870, _ctogether with the prose story 'Hand and soul.' |
| 260 |
_aLondon, _aNew York _bOxford University Press _c1968 |
||
| 300 |
_axvii, 482 p. _c19 cm. |
||
| 500 | _aOriginally published in 1913. | ||
| 504 | _aIncludes Index. | ||
| 505 | 0 | _aPoems (1870)--Sonnets and songs, towards a work to be called "The house of life" -- Sonnets for pictures, and other sonnets -- Poems and a prose story from "The Germ" (1850) -- The early Italian poets (1861): pt. I. Poets chiefly before Dante ; pt. II. Dante and his circle -- Appendix to Part II. | |
| 506 |
_3Use copy _fRestrictions unspecified _2star _5MiAaHDL |
||
| 650 | 0 |
_aItalian poetry _vTranslations into English. _955068 |
|
| 650 | 0 |
_aEnglish poetry _xTranslations from Italian. _955069 |
|
| 740 | 0 | 1 | _aHand and soul. |
| 776 | 1 |
_cOriginal _w(OCoLC)29056774 |
|
| 856 | 4 | 0 |
_3HathiTrust Digital Library _uhttp://catalog.hathitrust.org/api/volumes/oclc/29056774.html |
| 942 |
_2ddc _cBK |
||
| 999 |
_c17847 _d17847 |
||